Geography Quiz

Random Geography or Blitz Quiz

Sneaky States Border Blitz (USA Map) Quiz Stats

Quiz Updated Dec 15, 2017

Also try: US Cities on a Map
Challenge
Share
Tweet
Score 0/48 Timer 01:30
13 Plays Today
% Correct
Wyom​ing
86.5%
Ore​gon
85.7%
Nev​ada
85.5%
Ut​ah
85.4%
Id​aho
85.1%
New M​exico
84.8%
Okla​homa
84.8%
Miss​ouri
84.5%
Colo​rado
84.1%
Nebr​aska
83.8%
South Da​kota
83.1%
Arka​nsas
83%
Ariz​ona
82%
Kent​ucky
82%
Tenn​essee
81.8%
Mon​tana
81.2%
Califo​rnia
80.9%
Iow​a
80.8%
Penn​sylvania
80.7%
Illin​ois
79.5%
We​st Virginia
79.5%
Massa​chusetts
79.1%
Wash​ington
78.6%
Ala​bama
78.3%
% Correct
Lou​isiana
78.3%
No​rth Dakota
78%
Vir​ginia
78%
Wisco​nsin
77.7%
Nor​th Carolina
77.2%
Mi​nnesota
76.9%
Ka​nsas
76.7%
In​diana
76.5%
O​hio
76.4%
Ge​orgia
76.3%
Miss​issippi
75.3%
Verm​ont
74.4%
Ne​w York
74.2%
Con​necticut
74%
Mi​chigan
73.6%
New Je​rsey
73.2%
Te​xas
72.8%
New Ha​mpshire
72%
De​laware
70.7%
Mar​yland
70.7%
Flor​ida
70.1%
Sou​th Carolina
69.5%
M​aine
57.7%
Rho​de Island
57.6%

You're not logged in!

Compare scores with friends on all Sporcle quizzes.
Sign Up with Email
OR
Log In

You Might Also Like...

Show Comments

Extras

Top Quizzes Today


Score Distribution

Your Account Isn't Verified!

In order to create a playlist on Sporcle, you need to verify the email address you used during registration. Go to your Sporcle Settings to finish the process.